Представление документа в формате RUSMARC

ПолеНазваниеЗначение
  Тип записи a
  Библиографический уровень m
001 Контрольный номер RU/УОНБ/EK/493035292
005 Дата корректировки 20250520125558.6
100 Данные общей обработки __
a Данные общей обработки 20150816d1953 m y0rusy0189||||ca
101 Язык документа 0_
a Язык текста rus
102 Страна публикации __
a Страна публикации RU
105 Кодированные данные (монография) __
a Кодированные данные (монография) a z 000ay
200 Заглавие и сведения об ответственности 1_
a Заглавие Собрание сочинений
e Сведения, относящиеся к заглавию в 8 т.
f Первые сведения об ответственности Д.Н. Мамин-Сибиряк
g Последующие сведения об ответственности вступ. ст. Ф. Гладкова
210 Выходные данные 1_
a Место издания Москва
c Издательство Гослитиздат
d Дата издания 1953 -
215 Физическое описание __
d Формат 21 см
700 Автор _1
a Фамилия Мамин-Сибиряк
b Имя (инициалы) Д.Н.
g Полное личное имя Дмитрий Наркисович
702 Вторичная интеллектуальная ответственность _1
a Фамилия Гладков
b Имя (инициалы) Ф.
4 Код отношения 080
801 Источник записи _0
a Страна RU
b Организация Ульяновская ОНБ
c Дата составления 20150816
g Правила каталогизации RCR
801 Источник записи _1
a Страна RU
b Организация Ульяновская ОНБ
c Дата составления 20150816
g Правила каталогизации RCR
901 Тип документа __
t Тип документа v
909 Создатель записи __
a Создатель записи Долгова
938 Служебная информация __
a Имя БД retro
b Имя библиотеки УОНБ
c Имя АИБС МАРК-SQL
d Номер DOC_ID в БД 151749